000 01788cam a2200385 a 4500
999 _c27207
_d27207
001 11903687
005 20170207154531.0
008 000204s1999 vaua bc 001 0 eng d
010 _a 00272598
020 _a0957713509
020 _a0646370871 (pbk.)
035 _a(OCoLC)ocm43517789
050 0 0 _aND1101 .A78 1999
245 0 0 _aArt from the land :
_bdialogues with the Kluge-Ruhe Collection of Australian Aboriginal art /
_cedited by Howard Morphy and Margo Smith Boles.
260 _aCharlottesville :
_bUniversity of Virginia,
_c1999.
300 _avi, 266 p. :
_bcol. ill. ;
_c28 cm.
504 _aIncludes bibliographical references and index.
600 1 0 _aKluge, John Werner,
_d1914-2010
_xArt collections
_vCatalogs.
600 1 0 _aRuhe, Edward Lehman,
_d1923-
_xArt collections
_vCatalogs.
610 2 0 _aKluge-Ruhe Aboriginal Art Collection (University of Virginia)
_vCatalogs.
650 0 _aPainting, Aboriginal Australian
_vCatalogs.
650 0 _aArt, Aboriginal Australian
_zAustralia
_zArnhem Land (N.T.)
_vCatalogs.
650 0 _aArt
_xPrivate collections
_zVirginia
_zCharlottesville
_vCatalogs.
650 0 _aArt
_zVirginia
_zCharlottesville
_vCatalogs.
700 1 _aMorphy, Howard.
700 1 _aBoles, Margo Smith.
710 2 _aUniversity of Virginia.
942 _2lcc
_cBOOKS